|
|
|
|
| LEADER |
00000cam a2200000 7i4500 |
| 001 |
0000086907 |
| 005 |
20211020.0 |
| 008 |
211020 |
| 020 |
|
|
|a 9789672302179
|
| 041 |
0 |
|
|a Malay
|
| 090 |
0 |
0 |
|a 808.882
|b MOH
|
| 100 |
0 |
|
|a Mohd Daud Bakar
|
| 245 |
1 |
0 |
|a Kembara ilmu dari Sg. Korok ke St. Andrews (1971-1993) :
|b sekolah kesusahan dan kehidupan
|c Mohd Daud Bakar
|
| 260 |
|
|
|a Kuala Lumpur :
|b Amanie Media Sdn Bhd. ,
|c 2021
|
| 300 |
|
|
|a 230 p. :
|b ill. ;
|c 22.5 cm.
|
| 541 |
0 |
0 |
|c Purchased on 2021
|f 00254 UBSM
|h RM35.00
|
| 650 |
|
0 |
|a Educations
|x Anecdotes
|
| 650 |
|
0 |
|a Mohd Daud Bakar
|x Anecdotes
|
| 999 |
|
|
|a 0001662288
|b Book
|c Adult Collection
|e Cawangan Batu Pahat
|
| 999 |
|
|
|a 0001662289
|b Book
|c Adult Collection
|e Cawangan Taman Sri Lambak
|
| 999 |
|
|
|a 0001662290
|b Book
|c Adult Collection
|e Cawangan Bandar Tenggara
|
| 999 |
|
|
|a 0001662291
|b Book
|c Adult Collection
|e Cawangan Tangkak
|
| 999 |
|
|
|a 0001662292
|b Book
|c Adult Collection
|e Cawangan Muar
|
| 999 |
|
|
|a 0001662293
|b Book
|c Adult Collection
|e Cawangan Tmn. Ungku Tun Aminah
|
| 999 |
|
|
|a 0001662294
|b Book
|c Adult Collection
|e Cawangan Kota Tinggi
|
| 999 |
|
|
|a 0001662295
|b Book
|c Adult Collection
|e Cawangan Mersing
|
| 999 |
|
|
|a 0001662296
|b Book
|c Adult Collection
|e Cawangan Bandar Penawar
|
| 999 |
|
|
|a 0001662297
|b Book
|c Adult Collection
|e Cawangan Segamat
|
| 999 |
|
|
|a 0001662299
|b Book
|c Adult Collection
|e Cawangan Pontian
|
| 999 |
|
|
|a 0001662300
|b Book
|c Adult Collection
|e Cawangan Bukit Gambir
|
| 999 |
|
|
|a 0001663223
|b Book
|c Adult Collection
|e Perbadanan Perpustakaan Awam Johor
|
| 999 |
|
|
|a 0001663224
|b Book
|c Adult Collection
|e Perbadanan Perpustakaan Awam Johor
|
| 999 |
|
|
|a 0001663225
|b Book
|c Adult Collection
|e Cawangan Urban Transformation Centre
|
| 999 |
|
|
|a 0001663226
|b Book
|c Adult Collection
|e Cawangan AEON Kulaijaya
|